000 00423nam a2200157Ia 4500
008 090711s9999 xx 000 0 und d
082 _b11685
100 _aबनारसे वि. ब.
245 _aकामिनी
260 _c1963
600 _aबनारसे वि. ब.
630 _aकामिनी
700 _aबनारसे वि. ब.
730 _aकामिनी
942 _cBOOK
999 _c328171
_d328171